000 01175cam a2200325 a 4500
999 _c57532
_d57532
001 11843692
005 20200702134130.0
008 980226s1997 gw b 001 0 ger d
010 _a 99515719
020 _a3406423108
035 _a(OCoLC)ocm38520968
040 _aKGY
_cKGY
_dPIT
_dOHX
_dDLC
042 _alccopycat
050 0 0 _aB721
_b.L55 1997
072 7 _aB
_2lcco
080 _a1 D-23
245 0 4 _aDas Licht der Vernunft :
_bdie Anfänge der Aufklärung im Mittelalter /
_cherausgegeben von Kurt Flasch und Udo Reinhold Jeck.
250 _aOriginalausg.
260 _aMünchen :
_bVerlag C.H. Beck,
_cc1997.
300 _a191 p. ;
_c21 cm.
504 _aIncludes bibliographical references (p. [184]-187) and index.
650 0 _aPhilosophy, Medieval.
_99008
650 0 _aEnlightenment.
_99009
653 _aფილოსოფია
700 1 _aFlasch, Kurt.
_eრედაქტორი
_99010
700 1 _aJeck, Udo Reinhold.
_eრედაქტორი
_98656
906 _a7
_bcbc
_ccopycat
_d3
_encip
_f19
_gy-gencatlg
942 _2udc
_cBK
955 _aof04 11-16-99 to SSCD; sh20 03-29-00; sh50 09-28-00; sf05 10-03-00; to Dewey 10-03-00